Statistics for Provinces of Spain

Click here to take the quiz!

General Stats

  • This quiz has been taken 97 times
  • The average score is 37 of 52

Answer Stats

Answer % Correct
Valencia
93%
Barcelona
90%
Murcia
90%
Madrid
90%
Malaga
86%
Asturias
83%
Sevilla
83%
La Coruña
83%
Zaragoza
81%
Girona
81%
Alicante
81%
Granada
81%
Pontevedra
79%
Cantabria
79%
La Rioja
76%
Cordoba
76%
Cadiz
74%
Huelva
74%
Tarragona
74%
Leon
74%
Zamora
71%
Vizcaya
71%
Valladolid
71%
Almeria
71%
Navarra
71%
Castellon
71%
Caceres
69%
Santa Cruz de Tenerife
67%
Orense
67%
Soria
67%
Las Palmas
67%
Lugo
67%
Lleida
67%
Salamanca
67%
Albacete
67%
Toledo
67%
Huesca
67%
Badajoz
67%
Teruel
64%
Alava
64%
Burgos
64%
Jaen
64%
Guipuzkoa
64%
Ciudad Real
64%
Palencia
62%
Segovia
62%
Islas Baleares
60%
Avila
55%
Guadalajara
55%
Ceuta
55%
Melilla
55%
Cuenca
52%

Score Distribution

Percentile by Number Answered

Percent of People with Each Score

Your Score History

You have not taken this quiz